000
00393nam a22001577a 4500
003
MPLRDC
005
20220104123517.0
008
210129b ||||| |||| 00| 0 eng d
082
_a
220.7 LSM c.2
100
_a
林世敏
245
_a
佛教的精神与特色
_c
260
_a
_b
福峰彩色印刷有限公司
_c
1988
300
_b
平
650
_a
佛教杂论
942
_c
BK
_o
220.7 LSM c.2
999
_c
12002
_d
11992